000 00532nmm a2200193Ia 4500
008 251105s9999||||xx |||||||||||||||||und||
020 _a9788484282198
041 _aspa
100 _aChéjov, Antón P.
245 0 _aCuentos
264 _a[Madrid, España] :
_bAlba Editorial,
_c2004
300 _a768 páginas
490 _aClásica Maior
650 _aOther narratives
700 _aChéjov, Antón P.
700 1 _a Gallego Ballestero, Víctor
856 _uhttps://public.digitaliapublishing.com/a/33201
942 _cCF
999 _c63943
_d63943